000 00463nam a2200181Ia 4500
001 16864
005 20260306170342.0
008 260306t2019||||xx |||||||||||||| ||und||
041 _aESP
082 _a657.2
_bE333
100 _aEffio Pereda, Fernando Walter
_eAUT
245 0 _aLibros y registros contables:
_bfísicos y electrónicos
260 _c2019
300 _a519 páginas :
_c25 cm.
650 _aGEN
654 _aCCO
942 _cLIB
_dJUS
_fJUS
_2ddc
_n
999 _c16864
_d16864